| 000 | 00696nam a2200265Ia 4500 | ||
|---|---|---|---|
| 003 | OSt | ||
| 005 | 20221006144916.0 | ||
| 006 | a|||||r|||| 00| 0 | ||
| 007 | ta | ||
| 008 | 221006b |||||||| |||| 00| 0 eng d | ||
| 020 |
_c _1.95 |
||
| 024 | _a13,156 | ||
| 037 | _cTextual | ||
| 040 |
_aEASL _cEASL _beng |
||
| 041 |
_2eng _aeng |
||
| 082 | _aV41:8(691), K3 | ||
| 100 |
_aJACOBS Dan N Ed. _9121571 |
||
| 245 | 0 | _aChinese communism | |
| 260 |
_aNew York _bHarper & Row _c1963 |
||
| 300 |
_a242p. _ccm. |
||
| 490 | _v CEL | ||
| 700 |
_a BAERWALD Hans H _9582349 |
||
| 942 |
_hV41:8(691), K3 _cTEXL _2CC |
||
| 999 |
_c1081242 _d1081242 |
||